000 00768nam a2200265Ia 4500
003 OSt
005 20220925182712.0
006 a|||||r|||| 00| 0
007 ta
008 220923b |||||||| |||| 00| 0 eng d
020 _a18170893178
037 _cGeneral Book
040 _aRTL
_cRTL
_beng
041 _2eng
_aeng
082 _aU67155.2.N9, P4
100 _aPrakash Om and others
_9257089
245 0 _aEvaluation of watersheds in India
260 _aDehradun
_bInternational Book India
_c2004
300 _a153p
_ccm.
500 _aBibliography P 146-153; Appendix P 143-145
650 _a Watershed
_9257090
650 _aGeography
942 _hU67155.2.N9, P4
_cGB
_2CC
999 _c502950
_d502950